[Event "Catalunya-ch Seniors"]
[Site "Malgrat del Mar"]
[Date "2023.05.15"]
[Round "2"]
[White "Codina Garcia, Jose"]
[Black "Lluverol Torrents, Salvador"]
[Result "1/2-1/2"]
[WhiteElo "1865"]
[BlackElo "1866"]
[PlyCount "53"]
[EventDate "2023.05.14"]
[EventType "swiss"]
[EventRounds "8"]
[EventCountry "ESP"]
[SourceTitle "CBM 214 Extra"]
[Source "ChessBase"]
[SourceDate "2023.07.31"]
[SourceVersion "1"]
[SourceVersionDate "2023.07.31"]
[SourceQuality "1"]

1. e4 c5 2. Nf3 g6 3. d4 cxd4 4. Nxd4 Nc6 5. c4 Nf6 6. Nc3 Nxd4 7. Qxd4 d6 8. f3 Bg7 9. Be3 0-0 10. Qd2 Be6 11. Rc1 a6 12. Be2 b5 13. cxb5 axb5 14. Bxb5 Bxa2 15. Nxa2 Rxa2 16. Bc4 Ra8 17. 0-0 Nd7 18. Ra1 Qb8 19. Bd4 Bxd4+ 20. Qxd4 Qb6 21. Qxb6 Nxb6 22. Rxa8 Rxa8 23. Bb3 Rb8 24. Rf2 Nd7 25. Bd1 Nc5 26. Rd2 f6 27. Kf2 1/2-1/2

[Event "Catalunya-ch Seniors"]
[Site "Malgrat del Mar"]
[Date "2023.05.14"]
[Round "1"]
[White "Lluverol Torrents, Salvador"]
[Black "Sole Rota, David"]
[Result "1/2-1/2"]
[WhiteElo "1866"]
[BlackElo "2123"]
[PlyCount "82"]
[EventDate "2023.05.14"]
[EventType "swiss"]
[EventRounds "8"]
[EventCountry "ESP"]
[SourceTitle "CBM 214 Extra"]
[Source "ChessBase"]
[SourceDate "2023.07.31"]
[SourceVersion "1"]
[SourceVersionDate "2023.07.31"]
[SourceQuality "1"]

1. d4 c5 2. d5 e5 3. Nc3 d6 4. e4 Ne7 5. Nf3 a6 6. a4 Nd7 7. Be2 g6 8. h4 h6 9. Nd2 Bg7 10. Nc4 Nb6 11. Ne3 f5 12. a5 Nd7 13. Nc4 Nf6 14. Nb6 Rb8 15. f4 Nxe4 16. Nxe4 fxe4 17. Nxc8 Nxc8 18. Bg4 0-0 19. Be6+ Kh7 20. h5 exf4 21. hxg6+ Kh8 22. g3 Qg5 23. Bxf4 Rxf4 24. gxf4 Qg3+ 25. Kf1 Qxf4+ 26. Kg2 Ne7 27. Rf1 Qg5+ 28. Qg4 Nxg6 29. Qxg5 hxg5 30. Rae1 Nf4+ 31. Kg3 Be5 32. Kg4 Re8 33. Kxg5 Nxe6+ 34. dxe6 Rxe6 35. Rf7 e3 36. Rxb7 d5 37. Rxe3 Bf6+ 38. Kf5 Rxe3 39. Kxf6 Re2 40. c3 d4 41. cxd4 cxd4 1/2-1/2

[Event "Sant Miquel Olerdola op 14th"]
[Site "Sant Miquel Olerdola"]
[Date "2023.05.05"]
[Round "4"]
[White "Lluverol Torrents, Salvador"]
[Black "Callau Tellez, Roger"]
[Result "1-0"]
[WhiteElo "1859"]
[BlackElo "1549"]
[PlyCount "93"]
[EventDate "2023.04.14"]
[EventType "swiss"]
[EventRounds "8"]
[EventCountry "ESP"]
[SourceTitle "EXT 2024"]
[Source "ChessBase"]
[SourceDate "2023.10.10"]
[SourceVersion "1"]
[SourceVersionDate "2023.10.10"]
[SourceQuality "1"]

1. d4 Nf6 2. c4 c5 3. d5 b5 4. cxb5 a6 5. e3 axb5 6. Bxb5 g6 7. Nc3 Bg7 8. Nge2 0-0 9. 0-0 d6 10. e4 e5 11. f3 Ne8 12. Be3 f5 13. exf5 Bxf5 14. Ng3 Nc7 15. Bd3 Nd7 16. Be4 Nb6 17. Qe2 Qd7 18. Rfd1 Ne8 19. b3 Nf6 20. Qb5 Nxe4 21. Ngxe4 Qxb5 22. Nxb5 Bxe4 23. fxe4 Rfd8 24. Rf1 Rd7 25. a4 Bf8 26. Rf3 Rf7 27. Rxf7 Kxf7 28. Rf1+ Kg7 29. Nc7 Rc8 30. Ne6+ Kg8 31. Rxf8+ Rxf8 32. Nxf8 Kxf8 33. Kf2 Ke8 34. Ke2 Nd7 35. Kd3 Kd8 36. Kc4 Kc7 37. Bg5 h6 38. Be7 Nb6+ 39. Kb5 Nc8 40. Bf8 Kb7 41. a5 h5 42. a6+ Kc7 43. Ka5 Kb8 44. Bh6 Kc7 45. Be3 Nb6 46. Kb5 Nd7 47. Bg5 1-0

[Event "Sitges op 46th"]
[Site "Sitges"]
[Date "2022.07.22"]
[Round "1"]
[White "Lluverol Torrents, Salvador"]
[Black "Ferey, Antonin"]
[Result "0-1"]
[WhiteElo "1897"]
[BlackElo "2181"]
[PlyCount "72"]
[EventDate "2022.07.22"]
[EventType "swiss"]
[EventRounds "9"]
[EventCountry "ESP"]
[SourceTitle "CBM 209 Extra"]
[Source "ChessBase"]
[SourceDate "2022.09.30"]
[SourceVersion "1"]
[SourceVersionDate "2022.09.30"]
[SourceQuality "1"]

1. d4 Nf6 2. c4 e6 3. Nf3 Bb4+ 4. Bd2 Qe7 5. Nc3 Nc6 6. e3 0-0 7. Be2 d6 8. 0-0 Bxc3 9. Bxc3 Ne4 10. Qc2 Nxc3 11. Qxc3 e5 12. b4 a5 13. b5 exd4 14. Nxd4 Ne5 15. Rae1 Nd7 16. f4 f5 17. Bf3 Nc5 18. Bd5+ Kh8 19. Rf3 Bd7 20. Rh3 Qf6 21. Qc2 Rae8 22. g4 g6 23. g5 Qg7 24. Rg3 Be6 25. Rg2 Bxd5 26. cxd5 Re4 27. Rge2 Qf7 28. Qc4 Kg8 29. h4 Rfe8 30. Kf2 c6 31. bxc6 bxc6 32. Qc3 Qxd5 33. Rd2 R4e7 34. Kg1 Ne4 35. Qxc6 Qxc6 36. Nxc6 Nxd2 0-1

[Event "Catalunya-ch Seniors"]
[Site "Santa Susanna"]
[Date "2019.05.18"]
[Round "1"]
[White "Brusi Noguera, Ricardo Ll"]
[Black "Lluverol Torrents, Salvador"]
[Result "1-0"]
[WhiteElo "2111"]
[BlackElo "1912"]
[PlyCount "87"]
[EventDate "2019.05.18"]
[EventType "swiss"]
[EventRounds "9"]
[EventCountry "ESP"]
[SourceTitle "CBM 190 Extra"]
[Source "ChessBase"]
[SourceDate "2019.07.15"]
[SourceVersion "1"]
[SourceVersionDate "2019.07.15"]
[SourceQuality "1"]

1. Nf3 d5 2. b3 Nf6 3. Bb2 g6 4. c4 c6 5. g3 Bg7 6. Bg2 0-0 7. 0-0 Bf5 8. d3 a5 9. Nbd2 Qb6 10. Rb1 Rd8 11. a3 Na6 12. cxd5 cxd5 13. b4 axb4 14. axb4 Nc7 15. Bd4 Qb5 16. Nb3 b6 17. Be5 Nfe8 18. Nbd4 Qd7 19. Qb3 Nb5 20. Bxg7 Nxg7 21. Nxb5 Qxb5 22. Nd4 Qd7 23. Rfc1 Be6 24. Rc6 Qb7 25. Rbc1 Rac8 26. Rxc8 Rxc8 27. Rxc8+ Qxc8 28. Bxd5 Bxd5 29. Qxd5 Nf5 30. Nxf5 gxf5 31. b5 Qc2 32. Qd8+ Kg7 33. Qxb6 Qxe2 34. Qe3 Qd1+ 35. Kg2 e6 36. b6 Qb3 37. Qg5+ Kf8 38. Qd8+ Kg7 39. Qd6 h5 40. d4 Qb1 41. Qc6 f4 42. b7 fxg3 43. hxg3 Qb3 44. Qf3 1-0

[Event "Torredembarra op 19th"]
[Site "Torredembarra"]
[Date "2017.07.02"]
[Round "2"]
[White "Lluverol Torrents, Salvador"]
[Black "Gonzalez Rodriguez, Jorge Armando"]
[Result "0-1"]
[WhiteElo "1931"]
[BlackElo "2274"]
[PlyCount "84"]
[EventDate "2017.07.01"]
[EventType "swiss"]
[EventRounds "9"]
[EventCountry "ESP"]
[SourceTitle "CBM 179 Extra"]
[Source "ChessBase"]
[SourceDate "2017.08.23"]
[SourceVersion "1"]
[SourceVersionDate "2017.08.23"]
[SourceQuality "1"]

1. d4 Nf6 2. c4 e6 3. Nf3 b6 4. g3 Bb7 5. Bg2 c5 6. 0-0 Be7 7. Nc3 cxd4 8. Nxd4 Bxg2 9. Kxg2 0-0 10. e4 Qc7 11. Qe2 d6 12. Be3 a6 13. Rac1 Nbd7 14. f3 Rfc8 15. b3 Qb7 16. Rfd1 h6 17. Qf2 Rc7 18. Rc2 Rac8 19. Rdc1 Bf8 20. Qd2 Kh7 21. h3 g6 22. g4 e5 23. Nde2 b5 24. cxb5 axb5 25. Kg3 b4 26. Na4 Rxc2 27. Rxc2 Rxc2 28. Qxc2 d5 29. exd5 Nxd5 30. Bd2 Qa6 31. Qc4 Qe6 32. Kg2 f5 33. Ng3 N7f6 34. Nc5 Qe7 35. Nd3 e4 36. fxe4 fxe4 37. Ne1 Qe5 38. Ne2 Bd6 39. Qd4 Qh2+ 40. Kf1 Qxh3+ 41. Ng2 Qf3+ 42. Qf2 Nxg4 0-1

[Event "Torredembarra op 18th"]
[Site "Torredembarra"]
[Date "2016.07.08"]
[Round "7"]
[White "Simon Padros, Emili"]
[Black "Lluverol Torrents, Salvador"]
[Result "1-0"]
[WhiteElo "2194"]
[BlackElo "1999"]
[PlyCount "97"]
[EventDate "2016.07.02"]
[EventType "swiss"]
[EventRounds "9"]
[EventCountry "ESP"]
[SourceTitle "CBM 173 Extra"]
[Source "ChessBase"]
[SourceDate "2016.08.29"]
[SourceVersion "1"]
[SourceVersionDate "2016.08.29"]
[SourceQuality "1"]

1. e4 c5 2. d3 d6 3. g3 g6 4. Bg2 Bg7 5. f4 Nc6 6. Nf3 Rb8 7. 0-0 Nf6 8. h3 Bd7 9. Nc3 0-0 10. Be3 Qc7 11. Qd2 b5 12. g4 b4 13. Nd1 Qb6 14. Qf2 Qa5 15. Nd2 Qa4 16. Nc4 Na5 17. b3 Qb5 18. Ndb2 Ne8 19. a4 Qa6 20. Rad1 Nc6 21. Kh1 Nd4 22. e5 Nc6 23. Rde1 Be6 24. exd6 exd6 25. f5 Bd7 26. fxg6 hxg6 27. Bf4 Nd4 28. Nd1 Bc6 29. Nde3 Bxg2+ 30. Qxg2 Rd8 31. Nd5 Rd7 32. Re7 Qc6 33. Rfe1 Qc8 34. Qf2 Qc6 35. Rxd7 Qxd5+ 36. Qg2 Qxg2+ 37. Kxg2 Nxc2 38. Rf1 Nd4 39. Nd2 Be5 40. Bg5 f5 41. gxf5 gxf5 42. Rxa7 Nf6 43. Nf3 Nd5 44. Nxd4 Bxd4 45. Re1 Be5 46. a5 f4 47. Kf3 Ne3 48. Bh6 Rf6 49. Rg1+ 1-0

[Event "Catalunya-ch Seniors"]
[Site "Vila Seca"]
[Date "2016.05.29"]
[Round "9"]
[White "Lluverol Torrents, Salvador"]
[Black "Lazaro Porta, Angel"]
[Result "1/2-1/2"]
[WhiteElo "2001"]
[BlackElo "1938"]
[PlyCount "22"]
[EventDate "2016.05.21"]
[EventType "swiss"]
[EventRounds "9"]
[EventCountry "ESP"]
[SourceTitle "CBM 172 Extra"]
[Source "ChessBase"]
[SourceDate "2016.06.21"]
[SourceVersion "1"]
[SourceVersionDate "2016.06.21"]
[SourceQuality "1"]

1. d4 Nf6 2. c4 e6 3. Nc3 Bb4 4. f3 d5 5. a3 Bxc3+ 6. bxc3 0-0 7. e3 c5 8. Nh3 Nc6 9. Nf2 e5 10. dxc5 Be6 11. cxd5 Nxd5 1/2-1/2

[Event "Martorell op 23rd"]
[Site "Martorell"]
[Date "2015.10.03"]
[Round "3"]
[White "Lluverol Torrents, Salvador"]
[Black "Sirera Bargallo, Tomas"]
[Result "0-1"]
[WhiteElo "2104"]
[BlackElo "2217"]
[PlyCount "62"]
[EventDate "2015.09.19"]
[EventType "swiss"]
[EventRounds "8"]
[EventCountry "ESP"]
[SourceTitle "EXT 2017"]
[Source "ChessBase"]
[SourceDate "2016.10.25"]
[SourceVersion "1"]
[SourceVersionDate "2016.10.25"]
[SourceQuality "1"]

1. d4 d6 2. c4 e5 3. e3 Nd7 4. Nc3 g6 5. Nf3 Bg7 6. Be2 Ngf6 7. 0-0 0-0 8. Qc2 Re8 9. Rd1 e4 10. Nd2 Qe7 11. b4 Nf8 12. Rb1 Bf5 13. c5 d5 14. b5 Ne6 15. Qb3 Qd8 16. Nf1 Ng5 17. Rd2 h5 18. c6 b6 19. a4 h4 20. Ra2 h3 21. g3 Bg4 22. Bxg4 Nxg4 23. Qxd5 Qf6 24. f4 exf3 25. Rf2 Nxf2 26. Kxf2 Rad8 27. Qc4 Qf5 28. Rb2 Ne4+ 29. Nxe4 Qxe4 30. Qc2 Rxd4 31. exd4 Bxd4+ 0-1

[Event "Catalunya-ch Seniors 31st"]
[Site "Santa Susanna"]
[Date "2015.05.24"]
[Round "2"]
[White "Lluverol Torrents, Salvador"]
[Black "Anguera Maestro, Jaime"]
[Result "1/2-1/2"]
[WhiteElo "2081"]
[BlackElo "2193"]
[PlyCount "41"]
[EventDate "2015.05.23"]
[EventType "swiss"]
[EventRounds "9"]
[EventCountry "CAT"]
[SourceTitle "CBM 166 Extra"]
[Source "ChessBase"]
[SourceDate "2015.06.18"]
[SourceVersion "1"]
[SourceVersionDate "2015.06.18"]
[SourceQuality "1"]

1. d4 d5 2. c4 e6 3. Nc3 Nf6 4. cxd5 exd5 5. Bg5 Be7 6. e3 c6 7. Bd3 0-0 8. Qc2 h6 9. Bh4 b5 10. Nge2 a5 11. 0-0 Ba6 12. a3 Re8 13. Rfe1 Nbd7 14. Bxf6 Nxf6 15. Ng3 Bf8 16. Qe2 Bc8 17. Qc2 Bd6 18. Nce2 Bd7 19. Nc1 Bxg3 20. hxg3 Ne4 21. Bxe4 1/2-1/2

[Event "Torredembarra op 16th"]
[Site "Torredembarra"]
[Date "2014.07.05"]
[Round "1"]
[White "Alarcon Casellas, Rolando"]
[Black "Lluverol Torrents, Salvador"]
[Result "1-0"]
[WhiteElo "2378"]
[BlackElo "1969"]
[PlyCount "81"]
[EventDate "2014.07.05"]
[EventType "swiss"]
[EventRounds "9"]
[EventCountry "ESP"]
[SourceTitle "CBM 161 Extra"]
[Source "ChessBase"]
[SourceDate "2014.08.29"]
[SourceVersion "1"]
[SourceVersionDate "2014.08.29"]
[SourceQuality "1"]

1. d4 d5 2. Nf3 Nf6 3. Bf4 c6 4. e3 Qb6 5. b3 Bf5 6. Bd3 e6 7. Bxf5 exf5 8. 0-0 Nbd7 9. c4 Be7 10. Ne5 0-0 11. Nxd7 Nxd7 12. Qd3 g6 13. cxd5 cxd5 14. Nc3 Nf6 15. Bg5 Rfd8 16. Rac1 a6 17. Na4 Qa5 18. Nc5 Qb6 19. Rc2 Kg7 20. Rfc1 Rac8 21. h3 Rc6 22. Na4 Rxc2 23. Qxc2 Qe6 24. Qc7 Rd7 25. Bxf6+ Kxf6 26. Qb8 Kg7 27. Rc8 Kh6 28. Re8 Qd6 29. Qxd6 Bxd6 30. Nb6 Rc7 31. g3 Rc1+ 32. Kg2 Rc2 33. Nxd5 Rxa2 34. Rd8 Ba3 35. Rd7 Kg7 36. Rxb7 Bc1 37. h4 Bd2 38. Kf1 Ba5 39. b4 Bd8 40. Rd7 Bf6 41. Rd6 1-0

[Event "Catalunya-ch Seniors"]
[Site "Santa Susanna"]
[Date "2013.05.10"]
[Round "7"]
[White "Lluverol Torrents, Salvador"]
[Black "Altafulla Sanz, Agusti"]
[Result "1-0"]
[WhiteElo "2070"]
[BlackElo "1960"]
[PlyCount "53"]
[EventDate "2013.05.04"]
[EventType "swiss"]
[EventRounds "9"]
[EventCountry "ESP"]
[SourceTitle "CBM 154 Extra"]
[Source "ChessBase"]
[SourceDate "2013.06.25"]
[SourceVersion "2"]
[SourceVersionDate "2013.06.25"]
[SourceQuality "1"]

1. d4 d5 2. c4 e6 3. Nc3 f5 4. Nf3 c6 5. g3 Bd6 6. Bh3 Nf6 7. 0-0 0-0 8. Qc2 Ne4 9. Ne1 Nd7 10. Nxe4 fxe4 11. f3 exf3 12. Nxf3 Nf6 13. Bg5 h6 14. Bxf6 Rxf6 15. e4 Be7 16. Ne5 Rxf1+ 17. Rxf1 Bf6 18. exd5 exd5 19. cxd5 cxd5 20. Qb3 Be6 21. Qxb7 Rb8 22. Qxa7 Rxb2 23. Rc1 Qd6 24. Ng6 Rd2 25. Qa8+ Kh7 26. Nf8+ Kg8 27. Nxe6+ 1-0

[Event "Catalunya-ch Seniors"]
[Site "Santa Susanna"]
[Date "2013.05.06"]
[Round "3"]
[White "Lluverol Torrents, Salvador"]
[Black "Gonzalez Moreno, Antoni"]
[Result "1/2-1/2"]
[WhiteElo "2070"]
[BlackElo "1754"]
[PlyCount "80"]
[EventDate "2013.05.04"]
[EventType "swiss"]
[EventRounds "9"]
[EventCountry "ESP"]
[SourceTitle "CBM 154 Extra"]
[Source "ChessBase"]
[SourceDate "2013.06.25"]
[SourceVersion "2"]
[SourceVersionDate "2013.06.25"]
[SourceQuality "1"]

1. d4 d5 2. c4 e6 3. Nc3 Nf6 4. Bg5 Nbd7 5. e3 Be7 6. Nf3 a6 7. a3 dxc4 8. Bxc4 b5 9. Be2 c5 10. dxc5 Nxc5 11. 0-0 Bb7 12. b4 Nce4 13. Nxe4 Nxe4 14. Bxe7 Qxe7 15. Qb3 0-0 16. Qb2 Rac8 17. Rac1 Rfd8 18. Rxc8 Rxc8 19. Rc1 Rxc1+ 20. Qxc1 Qd6 21. h3 h6 22. Qc2 Qc6 23. Qxc6 Bxc6 24. Nd4 Bd5 25. Bd3 Kf8 26. Bxe4 Bxe4 27. Nb3 Bb7 28. Nc5 Bc8 29. f4 Ke7 30. e4 Kd6 31. Kf2 a5 32. Ke3 axb4 33. axb4 f6 34. Nb3 Bd7 35. Nc1 Bc6 36. Ne2 g6 37. Nc3 h5 38. g3 Bd7 39. h4 Bc6 40. Ne2 Bd7 1/2-1/2

[Event "ESP-ch Seniors 28th"]
[Site "Santa Susanna"]
[Date "2012.05.15"]
[Round "5"]
[White "Mas Recorda, Pere"]
[Black "Lluverol Torrents, Salvador"]
[Result "1/2-1/2"]
[WhiteElo "2084"]
[BlackElo "2028"]
[PlyCount "66"]
[EventDate "2012.05.11"]
[EventType "swiss"]
[EventRounds "9"]
[EventCountry "ESP"]
[SourceTitle "CBM 148 Extra"]
[Source "ChessBase"]
[SourceDate "2012.06.22"]
[SourceVersion "1"]
[SourceVersionDate "2012.06.22"]
[SourceQuality "1"]

1. d4 d5 2. c4 c6 3. Nf3 Nf6 4. Nc3 e6 5. Bg5 dxc4 6. e3 b5 7. a4 Bb4 8. axb5 cxb5 9. Be2 0-0 10. 0-0 Bxc3 11. bxc3 Bb7 12. Qb1 Qd5 13. Bxf6 gxf6 14. Ne1 a6 15. Bf3 Qd7 16. e4 Qc7 17. Qc1 Nd7 18. Nc2 Kh8 19. Re1 Rg8 20. Qh6 Rg6 21. Qh4 Rag8 22. g3 Rg5 23. Bg2 Rg4 24. Qh3 Qd8 25. Ne3 R4g6 26. f4 Qf8 27. Qh5 Rh6 28. Qe2 Qa8 29. Nf1 Qa7 30. Qf2 Qb6 31. Ra2 Rhg6 32. Ne3 R6g7 33. Rd1 Qa7 1/2-1/2

[Event "ESP-ch Seniors 27th"]
[Site "Santa Susanna"]
[Date "2011.05.17"]
[Round "5"]
[White "Lluverol Torrents, Salvador"]
[Black "Anguera Maestro, Jaime"]
[Result "1/2-1/2"]
[WhiteElo "2025"]
[BlackElo "2148"]
[PlyCount "116"]
[EventDate "2011.05.13"]
[EventType "swiss"]
[EventRounds "9"]
[EventCountry "ESP"]
[SourceTitle "CBM 142 Extra"]
[Source "ChessBase"]
[SourceDate "2011.06.27"]
[SourceVersion "1"]
[SourceVersionDate "2011.06.27"]
[SourceQuality "1"]

1. d4 Nf6 2. c4 c6 3. Nc3 d6 4. e4 g6 5. f3 Bg7 6. Be3 0-0 7. Qd2 Qa5 8. Bd3 e5 9. d5 Nh5 10. Nge2 Nd7 11. 0-0 Nc5 12. Bc2 cxd5 13. Nxd5 Qxd2 14. Bxd2 Be6 15. Rab1 Bxd5 16. cxd5 Rfc8 17. b4 Nd7 18. Bb3 Kf8 19. Rbc1 Ke7 20. g4 Nhf6 21. Kf2 Ne8 22. Rxc8 Rxc8 23. Rc1 Rxc1 24. Bxc1 Nc7 25. Nc3 Kd8 26. Be3 b6 27. Ba4 Bf8 28. Nb5 Nxb5 29. Bxb5 Be7 30. Ke2 Kc7 31. Kd3 Bh4 32. Kc4 Nb8 33. Be8 f6 34. Ba4 g5 35. Bd1 Be1 36. a3 Kb7 37. Ba4 Na6 38. Bd1 Nc7 39. Ba4 Na6 40. Bd1 Nb8 41. Ba4 a6 42. Kd3 b5 43. Bd1 Nd7 44. Bc2 Nf8 45. Bd1 Ng6 46. Be2 Nh4 47. Bd1 Ng2 48. Bc1 a5 49. bxa5 Bxa5 50. a4 bxa4 51. Bxa4 Bb6 52. Kc4 Bc5 53. Bd2 Ka6 54. Bd1 Kb6 55. Bc2 Bd4 56. Bd1 Ka6 57. Bb3 Bc5 58. Bd1 Kb6 1/2-1/2

[Event "EU-chT Seniors"]
[Site "Thessaloniki"]
[Date "2011.05.11"]
[Round "9"]
[White "Sandklef, Ake"]
[Black "Lluverol Torrents, Salvador"]
[Result "1/2-1/2"]
[WhiteElo "2017"]
[BlackElo "2025"]
[PlyCount "58"]
[EventDate "2011.05.03"]
[EventType "team-swiss"]
[EventRounds "9"]
[EventCountry "GRE"]
[SourceTitle "CBM 142 Extra"]
[Source "ChessBase"]
[SourceDate "2011.06.27"]
[SourceVersion "1"]
[SourceVersionDate "2011.06.27"]
[SourceQuality "1"]
[WhiteTeam "Sweden"]
[BlackTeam "Catalunya"]
[WhiteTeamCountry "SWE"]
[BlackTeamCountry "CAT"]

1. d4 d5 2. c4 dxc4 3. e3 Be6 4. Nc3 c6 5. a4 a5 6. Nf3 Nd7 7. Ng5 Bf5 8. Bxc4 e6 9. e4 Bg6 10. 0-0 Nb6 11. Bb3 Be7 12. Nf3 Nf6 13. Re1 0-0 14. Ne5 Nbd7 15. Nxg6 hxg6 16. Be3 Bb4 17. f3 Rc8 18. Re2 Nb6 19. Qf1 Nbd7 20. Rd1 Qe7 21. e5 Nd5 22. Ne4 Nxe3 23. Rxe3 Nb6 24. f4 Rfd8 25. Rh3 c5 26. Qf3 Rxd4 27. Ng5 Qd7 28. Rf1 c4 29. Bc2 Rd2 1/2-1/2